[Event "Pardubice op rap 26th"]
[Site "Pardubice"]
[Date "2015.07.23"]
[Round "4"]
[White "Kiseleva, Arina"]
[Black "Shefer, Alexander"]
[Result "0-1"]
[WhiteElo "2035"]
[BlackElo "2208"]
[PlyCount "74"]
[EventDate "2015.07.22"]
[EventType "swiss (rapid)"]
[EventRounds "9"]
[EventCountry "CZE"]
[SourceTitle "CBM 167 Extra"]
[Source "ChessBase"]
[SourceDate "2015.09.14"]
[SourceVersion "1"]
[SourceVersionDate "2015.09.14"]
[SourceQuality "1"]

1. d4 c6 2. Nf3 Na6 3. c4 Nc7 4. e4 g6 5. Nc3 Bg7 6. Be2 Nh6 7. 0-0 f6 8. d5 e5 9. b3 d6 10. dxc6 bxc6 11. Qd2 Nf7 12. Rd1 Be6 13. Ba3 Bf8 14. Qc2 Qc8 15. c5 d5 16. exd5 Bxd5 17. Ne4 Qd8 18. Nfd2 Be7 19. Nc4 Nb5 20. Bb2 0-0 21. a4 Nd4 22. Bxd4 exd4 23. Rxd4 f5 24. Nc3 Bxc5 25. Rdd1 Qh4 26. g3 Bxf2+ 27. Kxf2 Qxh2+ 28. Ke1 Qxg3+ 29. Kd2 Bxc4 30. Bxc4 Qf4+ 31. Kd3 Rad8+ 32. Bd5 cxd5 33. Qe2 Rfe8 34. Qg2 Re3+ 35. Kc2 Rc8 36. Qxd5 Rcxc3+ 37. Kb2 Qe5 0-1

[Event "Pardubice op rap 26th"]
[Site "Pardubice"]
[Date "2015.07.23"]
[Round "8"]
[White "Novotny, Michal"]
[Black "Shefer, Alexander"]
[Result "1-0"]
[WhiteElo "2349"]
[BlackElo "2208"]
[PlyCount "107"]
[EventDate "2015.07.22"]
[EventType "swiss (rapid)"]
[EventRounds "9"]
[EventCountry "CZE"]
[SourceTitle "CBM 167 Extra"]
[Source "ChessBase"]
[SourceDate "2015.09.14"]
[SourceVersion "1"]
[SourceVersionDate "2015.09.14"]
[SourceQuality "1"]

1. e4 c6 2. Nc3 Na6 3. Nf3 Nc7 4. Be2 g6 5. 0-0 Bg7 6. Re1 Nh6 7. b3 f6 8. Bb2 Nf7 9. h3 0-0 10. d4 d6 11. d5 c5 12. a4 Bd7 13. Nd2 b6 14. Nc4 Rb8 15. f4 f5 16. exf5 Bxf5 17. Nb5 a6 18. Bxg7 axb5 19. Bxf8 bxc4 20. Bxe7 Qxe7 21. Bxc4 Qf6 22. Kh2 Bd7 23. Qf3 Nh6 24. g4 g5 25. Rf1 Rf8 26. Kg3 gxf4+ 27. Qxf4 Qc3+ 28. Rf3 Rxf4 29. Rxc3 Re4 30. Rf1 Nf7 31. Rcf3 Ne5 32. Rf8+ Kg7 33. Rb8 Ne8 34. Rxb6 Re3+ 35. Kg2 Nxc4 36. bxc4 Bxa4 37. Rb7+ Kg6 38. Rf2 Nf6 39. Ra7 Be8 40. Ra6 Ne4 41. Rf8 Re2+ 42. Kf1 Ng3+ 43. Kg1 Kg7 44. Rf4 Ne4 45. Ra7+ Kh6 46. Re7 Nc3 47. Rf6+ Kg5 48. Rfe6 Rxe6 49. Rxe6 Bg6 50. Rxd6 Bxc2 51. Rc6 Ne4 52. Re6 Nf6 53. h4+ Kg6 54. g5 1-0

[Event "Pardubice op rap 26th"]
[Site "Pardubice"]
[Date "2015.07.22"]
[Round "3"]
[White "Shefer, Alexander"]
[Black "Chekletsov, Ilya"]
[Result "0-1"]
[WhiteElo "2208"]
[BlackElo "2113"]
[PlyCount "68"]
[EventDate "2015.07.22"]
[EventType "swiss (rapid)"]
[EventRounds "9"]
[EventCountry "CZE"]
[SourceTitle "CBM 167 Extra"]
[Source "ChessBase"]
[SourceDate "2015.09.14"]
[SourceVersion "1"]
[SourceVersionDate "2015.09.14"]
[SourceQuality "1"]

1. d4 Nf6 2. c4 g6 3. Nc3 d5 4. cxd5 Nxd5 5. Na4 Bg7 6. e4 Nb6 7. Be3 0-0 8. Be2 Nc6 9. Nf3 Bg4 10. d5 Bxf3 11. gxf3 Nxa4 12. Qxa4 Ne5 13. Qb3 a5 14. Rc1 a4 15. Qc2 c6 16. f4 Nd7 17. dxc6 bxc6 18. Qxc6 Rc8 19. Qxa4 Rxc1+ 20. Bxc1 Nc5 21. Qc2 Qd4 22. 0-0 Nxe4 23. Bf3 Nd6 24. Rd1 Qf6 25. b4 Nf5 26. Be3 Nh4 27. Be4 Qe6 28. Bd5 Qg4+ 29. Kh1 Rc8 30. Qb1 Nf3 31. Rc1 Rd8 32. Qe4 Rxd5 33. Rc8+ Qxc8 34. Qxd5 Qh3 0-1

[Event "Voronezh op-A 15th"]
[Site "Voronezh"]
[Date "2011.06.12"]
[Round "1"]
[White "Efanov, Nikolai Aleksandrov"]
[Black "Shefer, Alexander"]
[Result "1-0"]
[WhiteElo "2413"]
[BlackElo "2178"]
[PlyCount "111"]
[EventDate "2011.06.12"]
[EventType "swiss"]
[EventRounds "9"]
[EventCountry "RUS"]
[SourceTitle "CBM 143 Extra"]
[Source "ChessBase"]
[SourceDate "2011.08.29"]
[SourceVersion "1"]
[SourceVersionDate "2011.08.29"]
[SourceQuality "1"]

1. e4 d5 2. exd5 Nf6 3. Nf3 Nxd5 4. d4 Bf5 5. Nh4 Bc8 6. c4 Nb6 7. Nf3 Bg4 8. c5 Nd5 9. Qb3 Bc8 10. Nc3 e6 11. Bc4 Nxc3 12. Qxc3 Be7 13. 0-0 0-0 14. b4 a6 15. Bf4 Bd7 16. d5 exd5 17. Bxd5 Bc6 18. Bxc6 Nxc6 19. Rad1 Qc8 20. Qc4 Rd8 21. a4 a5 22. b5 Nb4 23. Bg5 Bxg5 24. Nxg5 Qf5 25. Ne4 h6 26. h3 Qe5 27. Ng3 Qe7 28. Nf5 Qf6 29. Ne3 Rxd1 30. Rxd1 Rd8 31. Rxd8+ Qxd8 32. Qe4 c6 33. bxc6 bxc6 34. Nf5 Kf8 35. Qe5 f6 36. Qe6 g6 37. Nxh6 Kg7 38. Ng4 Qf8 39. Qd7+ Qf7 40. Qd6 g5 41. g3 Qf8 42. Qc7+ Kg6 43. Qxa5 Nd5 44. Kh2 Qe8 45. Qd2 Qe4 46. a5 Qc4 47. Ne3 Nxe3 48. Qxe3 Qa2 49. Qe4+ Kg7 50. Kg2 Qxa5 51. Qxc6 Kg6 52. Qe8+ Kg7 53. Qd7+ Kg6 54. c6 Qa4 55. Qd3+ Kg7 56. Qd7+ 1-0

[Event "Moscow Victory Day op"]
[Site "Moscow"]
[Date "2011.05.04"]
[Round "5"]
[White "Shefer, Alexander"]
[Black "Yarmolenko, Evgeny"]
[Result "1/2-1/2"]
[WhiteElo "2180"]
[BlackElo "2303"]
[PlyCount "66"]
[EventDate "2011.04.30"]
[EventType "swiss"]
[EventRounds "9"]
[EventCountry "RUS"]
[SourceTitle "CBM 142 Extra"]
[Source "ChessBase"]
[SourceDate "2011.06.27"]
[SourceVersion "1"]
[SourceVersionDate "2011.06.27"]
[SourceQuality "1"]

1. d4 Nf6 2. c4 e6 3. Nf3 c5 4. d5 exd5 5. cxd5 d6 6. Nc3 g6 7. h3 Bg7 8. e4 0-0 9. Bd3 a6 10. a4 Nbd7 11. Bf4 Qe7 12. 0-0 Ne8 13. Qc2 Ne5 14. Nxe5 Bxe5 15. Bh6 Bg7 16. Bxg7 Nxg7 17. Rae1 Qc7 18. e5 dxe5 19. Ne4 Ne8 20. Qxc5 Qxc5 21. Nxc5 b6 22. Nb3 f6 23. a5 Rb8 24. Rc1 bxa5 25. Nxa5 Bd7 26. Nc6 Rxb2 27. Bxa6 Nd6 28. Rb1 Ra2 29. Rb6 Nf5 30. Nb8 Be8 31. Rd1 Nd4 32. d6 Rc2 33. d7 Bf7 1/2-1/2

[Event "Moscow-ch sf"]
[Site "Moscow"]
[Date "2011.03.22"]
[Round "6"]
[White "Shefer, Alexander"]
[Black "Arslanov, Shamil"]
[Result "0-1"]
[WhiteElo "2180"]
[BlackElo "2411"]
[PlyCount "44"]
[EventDate "2011.03.13"]
[EventType "swiss"]
[EventRounds "9"]
[EventCountry "RUS"]
[SourceTitle "CBM 141 Extra"]
[Source "ChessBase"]
[SourceDate "2011.05.03"]
[SourceVersion "1"]
[SourceVersionDate "2011.05.03"]
[SourceQuality "1"]

1. d4 Nf6 2. c4 g6 3. Nc3 Bg7 4. e4 d6 5. Nf3 0-0 6. Be2 e5 7. 0-0 Nc6 8. d5 Ne7 9. Ne1 Nd7 10. Nd3 f5 11. Bd2 fxe4 12. Nxe4 Nf5 13. Bg4 Nf6 14. Nxf6+ Qxf6 15. Bc3 Qg5 16. Bd2 Qh4 17. f3 e4 18. fxe4 Bd4+ 19. Nf2 Nh6 20. Bf3 Ng4 21. Bxg4 Bxf2+ 22. Kh1 Bxg4 0-1

[Event "Voronezh op-A 14th"]
[Site "Voronezh"]
[Date "2010.06.16"]
[Round "5"]
[White "Shefer, Alexander"]
[Black "Tarasova, Viktoriya"]
[Result "1/2-1/2"]
[WhiteElo "2202"]
[BlackElo "2292"]
[PlyCount "71"]
[EventDate "2010.06.12"]
[EventType "swiss"]
[EventRounds "9"]
[EventCountry "RUS"]
[SourceTitle "CBM 137 Extra"]
[Source "ChessBase"]
[SourceDate "2010.09.01"]
[SourceVersion "1"]
[SourceVersionDate "2010.09.01"]
[SourceQuality "1"]

1. d4 d5 2. c4 c6 3. cxd5 cxd5 4. Nf3 Nc6 5. Nc3 Nf6 6. Bf4 a6 7. Rc1 e6 8. e3 Be7 9. h3 0-0 10. Bd3 Bd7 11. 0-0 Qa5 12. Nd2 Rfc8 13. Nb3 Qb6 14. Na4 Qa7 15. Nac5 Be8 16. Bb1 a5 17. Bg5 a4 18. Nd2 h6 19. Bh4 a3 20. b3 Nb4 21. Re1 Bb5 22. e4 b6 23. e5 Ne8 24. Bxe7 Qxe7 25. Na4 Rxc1 26. Qxc1 Bxa4 27. bxa4 Qa7 28. Qxa3 Qxa4 29. Qxa4 Rxa4 30. Rc1 Kf8 31. Nb3 Ra8 32. Rc3 Ra3 33. Rc8 Nxa2 34. Bxa2 Rxa2 35. Rc6 Ra6 36. Kh2 1/2-1/2

[Event "Moscow op-A"]
[Site "Moscow"]
[Date "2009.02.02"]
[Round "3"]
[White "Shefer, Alexander"]
[Black "Shvedchikov, Anatoli I"]
[Result "1/2-1/2"]
[WhiteElo "2146"]
[BlackElo "2409"]
[PlyCount "58"]
[EventDate "2009.01.31"]
[EventType "swiss"]
[EventRounds "9"]
[EventCountry "RUS"]
[SourceTitle "EXT 2022"]
[Source "ChessBase"]
[SourceDate "2021.10.06"]
[SourceVersion "1"]
[SourceVersionDate "2021.10.06"]
[SourceQuality "1"]

1. d4 Nf6 2. c4 c6 3. Nf3 d5 4. cxd5 cxd5 5. Nc3 Nc6 6. Bf4 Bf5 7. e3 e6 8. Bd3 Bxd3 9. Qxd3 Be7 10. 0-0 0-0 11. h3 a6 12. Rac1 Qa5 13. a3 Rfc8 14. Na2 Ne4 15. Ne5 Nxe5 16. Bxe5 Qb5 17. Qxb5 axb5 18. Rxc8+ Rxc8 19. Rc1 Rc6 20. Bc7 Nd2 21. Rxc6 bxc6 22. Nc1 c5 23. dxc5 Bxc5 24. Nd3 Be7 25. Ba5 Nc4 26. Bc3 f6 27. Kf1 Kf7 28. Ke2 e5 29. Ke1 Ke6 1/2-1/2

[Event "Moscow op-A"]
[Site "Moscow"]
[Date "2009.02.01"]
[Round "2"]
[White "Dreev, Alexey"]
[Black "Shefer, Alexander"]
[Result "1-0"]
[WhiteElo "2688"]
[BlackElo "2146"]
[PlyCount "91"]
[EventDate "2009.01.31"]
[EventType "swiss"]
[EventRounds "9"]
[EventCountry "RUS"]
[SourceTitle "EXT 2022"]
[Source "ChessBase"]
[SourceDate "2021.10.06"]
[SourceVersion "1"]
[SourceVersionDate "2021.10.06"]
[SourceQuality "1"]

1. d4 e6 2. c4 Nf6 3. Nc3 Bb4 4. Qc2 0-0 5. a3 Bxc3+ 6. Qxc3 b6 7. Bg5 Bb7 8. e3 d6 9. Ne2 Nbd7 10. Qc2 c5 11. Rd1 Rc8 12. Nc3 a6 13. f3 Qc7 14. Qd2 Rfe8 15. Be2 d5 16. cxd5 exd5 17. 0-0 h6 18. Bh4 Qb8 19. Bd3 cxd4 20. exd4 Qd6 21. Bf5 Rcd8 22. Bg3 Qf8 23. Rc1 Rc8 24. Bh4 Rc6 25. Nxd5 Rxc1 26. Nxf6+ Nxf6 27. Rxc1 Nd5 28. Re1 Bc6 29. Bb1 Rxe1+ 30. Qxe1 Qd6 31. Qe5 Qd7 32. Bf5 Qb7 33. Be4 Kh8 34. Qf5 g6 35. Qe5+ Kg8 36. Qd6 Kh7 37. Bf6 Qa8 38. h4 h5 39. Be5 Kg8 40. Bxg6 fxg6 41. Qxg6+ Kf8 42. Bd6+ Ne7 43. Qf6+ Kg8 44. Qg5+ Kf7 45. Qxe7+ Kg8 46. Qg5+ 1-0

[Event "Voronezh op-A"]
[Site "Voronezh"]
[Date "2008.06.12"]
[Round "1"]
[White "Shefer, Alexander"]
[Black "Rozum, Ivan"]
[Result "1/2-1/2"]
[WhiteElo "2105"]
[BlackElo "2414"]
[PlyCount "66"]
[EventDate "2008.06.12"]
[EventType "swiss"]
[EventRounds "9"]
[EventCountry "RUS"]
[SourceTitle "CBM 125 Extra"]
[Source "ChessBase"]
[SourceDate "2008.09.01"]
[SourceVersion "1"]
[SourceVersionDate "2008.09.01"]
[SourceQuality "1"]

1. d4 Nf6 2. c4 c5 3. d5 e6 4. Nc3 exd5 5. cxd5 d6 6. e4 g6 7. Bd3 Bg7 8. Nge2 0-0 9. 0-0 Na6 10. f3 Rb8 11. Be3 Re8 12. Rb1 Nd7 13. Nb5 Ne5 14. a3 Nc7 15. Nxc7 Qxc7 16. b4 b6 17. Qa4 Rf8 18. Ba6 f5 19. Bxc8 Rbxc8 20. exf5 Rxf5 21. bxc5 dxc5 22. Ng3 Rff8 23. Ne4 Rfd8 24. Rfd1 Nf7 25. d6 Qd7 26. Qc4 Re8 27. Bf2 h6 28. a4 Kh8 29. a5 Rc6 30. Qa6 c4 31. Bd4 c3 32. Bxg7+ Kxg7 33. Rbc1 c2 1/2-1/2

[Event "Dmitrov IM-A"]
[Site "Dmitrov"]
[Date "2007.07.29"]
[Round "15"]
[White "Shefer, Alexander"]
[Black "Shalimov, Valery"]
[Result "0-1"]
[WhiteElo "2075"]
[BlackElo "2435"]
[PlyCount "96"]
[EventDate "2007.07.07"]
[EventType "tourn"]
[EventRounds "19"]
[EventCountry "RUS"]
[EventCategory "1"]
[SourceTitle "CBM 119 Extra"]
[Source "ChessBase"]
[SourceDate "2007.09.04"]
[SourceVersion "1"]
[SourceVersionDate "2007.09.04"]
[SourceQuality "1"]

1. d4 Nf6 2. c4 e6 3. g3 d5 4. Bg2 Be7 5. Nf3 0-0 6. 0-0 dxc4 7. Qc2 a6 8. Qxc4 b5 9. Qc2 Bb7 10. Bd2 Nbd7 11. Ba5 Bd6 12. Nbd2 Rc8 13. a3 Qe7 14. b4 Rfe8 15. Rac1 h6 16. Rfe1 Ba8 17. h3 g6 18. Kh2 Nh5 19. Ne4 Qf8 20. Qd3 f5 21. Nc5 Nxc5 22. dxc5 Be4 23. Qd4 Be7 24. Ne5 Bxg2 25. Kxg2 Bf6 26. f4 Qg7 27. Qe3 g5 28. Kh2 Kh8 29. Rg1 Bxe5 30. Qxe5 Qxe5 31. fxe5 f4 32. g4 Ng3 33. Rg2 Ne4 34. Rc2 Red8 35. Rg1 Nd2 36. Kg2 Nc4 37. Kf2 Rd5 38. c6 Kg7 39. Rc3 Nxe5 40. Rc5 Kf6 41. Rgc1 Ke7 42. Ke1 Kd6 43. R1c2 h5 44. gxh5 Rh8 45. Kf2 Rxh5 46. Kg2 Rh8 47. Rc1 Nc4 48. Rc3 Ne3+ 0-1

[Event "Dmitrov IM-A"]
[Site "Dmitrov"]
[Date "2007.07.25"]
[Round "7"]
[White "Grebenschikov, Vladimir"]
[Black "Shefer, Alexander"]
[Result "1-0"]
[WhiteElo "2307"]
[BlackElo "2075"]
[PlyCount "121"]
[EventDate "2007.07.07"]
[EventType "tourn"]
[EventRounds "19"]
[EventCountry "RUS"]
[EventCategory "1"]
[SourceTitle "CBM 119 Extra"]
[Source "ChessBase"]
[SourceDate "2007.09.04"]
[SourceVersion "1"]
[SourceVersionDate "2007.09.04"]
[SourceQuality "1"]

1. d4 Nf6 2. c4 e6 3. Nc3 Bb4 4. Qc2 0-0 5. a3 Bxc3+ 6. Qxc3 b6 7. Nf3 Bb7 8. g3 d6 9. Bg2 Nbd7 10. 0-0 Rc8 11. b4 c5 12. dxc5 bxc5 13. Rd1 Qe7 14. Bb2 Nb6 15. b5 Na4 16. Qb3 Nxb2 17. Qxb2 d5 18. Ne5 d4 19. Nc6 Bxc6 20. Bxc6 e5 21. Qd2 Qe6 22. Rac1 h6 23. f3 e4 24. e3 Rfd8 25. fxe4 Nxe4 26. Qd3 Nf6 27. Re1 Qg4 28. e4 Qh5 29. Rc2 Ng4 30. Qf3 Qg5 31. Bd5 Ne5 32. Qf1 Rd6 33. Rf2 Rf6 34. Rxf6 gxf6 35. Qh3 Rf8 36. Rf1 Ng4 37. Rf4 h5 38. Qf1 Kg7 39. h3 Ne3 40. Qf3 Rg8 41. h4 Qg6 42. Kh2 Kf8 43. Bc6 Rg7 44. Bd7 Kg8 45. Rxf6 Nf1+ 46. Kg2 Qxg3+ 47. Qxg3 Nxg3 48. Kf3 Nf1 49. Rc6 Nh2+ 50. Kf4 f6 51. Be6+ Kf8 52. Rxc5 Re7 53. Kf5 Kg7 54. Rc8 Nf3 55. Rg8+ Kh7 56. Rd8 Kg7 57. Rg8+ Kh7 58. Rg3 Nxh4+ 59. Kxf6 Rc7 60. Rh3 Rg7 61. Rxh4 1-0

[Event "Dmitrov IM-A"]
[Site "Dmitrov"]
[Date "2007.07.24"]
[Round "4"]
[White "Shefer, Alexander"]
[Black "Yaksin, Oleg"]
[Result "1/2-1/2"]
[WhiteElo "2075"]
[BlackElo "2231"]
[PlyCount "106"]
[EventDate "2007.07.07"]
[EventType "tourn"]
[EventRounds "19"]
[EventCountry "RUS"]
[EventCategory "1"]
[SourceTitle "CBM 119 Extra"]
[Source "ChessBase"]
[SourceDate "2007.09.04"]
[SourceVersion "1"]
[SourceVersionDate "2007.09.04"]
[SourceQuality "1"]

1. d4 d5 2. c4 e6 3. Nc3 Be7 4. Nf3 Nf6 5. cxd5 exd5 6. Bg5 c6 7. Qc2 0-0 8. e3 Nbd7 9. Bd3 Re8 10. 0-0 Nf8 11. Rab1 Ne4 12. Bxe7 Qxe7 13. Bxe4 dxe4 14. Nd2 f5 15. b4 Be6 16. b5 Rec8 17. bxc6 Rxc6 18. d5 Rxc3 19. Qxc3 Bxd5 20. a4 Qd7 21. a5 Ne6 22. Rfd1 Rd8 23. Nf1 Qc6 24. Qxc6 bxc6 25. Ng3 Rf8 26. Ne2 Nc5 27. Nf4 Bf7 28. Rdc1 Nb3 29. Rxc6 Nxa5 30. Ra6 Nc4 31. Rxa7 g5 32. Ne2 Rd8 33. Nd4 f4 34. Nf5 Be6 35. Ne7+ Kh8 36. Nc6 Rc8 37. Rb8 Rxb8 38. Nxb8 fxe3 39. fxe3 Nxe3 40. Re7 Bf5 41. Nc6 Nc2 42. Kf1 e3 43. Ke2 Bg4+ 44. Kd3 Bf5+ 45. Ke2 Bg4+ 46. Kd3 Bf5+ 47. Kc3 Ne1 48. Nd4 Bg6 49. g3 Ng2 50. Ne2 Kg8 51. Rd7 Bh5 52. Kd3 Bg6+ 53. Kc3 Bh5 1/2-1/2

[Event "Dmitrov IM-A"]
[Site "Dmitrov"]
[Date "2007.07.22"]
[Round "1"]
[White "Tologontegin, Semetey"]
[Black "Shefer, Alexander"]
[Result "1-0"]
[WhiteElo "2320"]
[BlackElo "2075"]
[PlyCount "57"]
[EventDate "2007.07.07"]
[EventType "tourn"]
[EventRounds "19"]
[EventCountry "RUS"]
[EventCategory "1"]
[SourceTitle "CBM 119 Extra"]
[Source "ChessBase"]
[SourceDate "2007.09.04"]
[SourceVersion "1"]
[SourceVersionDate "2007.09.04"]
[SourceQuality "1"]

1. e4 e6 2. d4 d5 3. Nc3 dxe4 4. Nxe4 Nd7 5. Nf3 Ngf6 6. Nxf6+ Nxf6 7. Bd3 Be7 8. Qe2 c5 9. dxc5 Qa5+ 10. c3 Qxc5 11. Be3 Qc7 12. Bd4 Bd7 13. 0-0 0-0 14. Ng5 g6 15. Rfe1 h6 16. Be5 Qb6 17. Nh3 Nd5 18. Rad1 Rad8 19. Qg4 Kh7 20. Qg3 Bf6 21. c4 Bxe5 22. Qxe5 Nb4 23. Bb1 Nc6 24. Qf6 e5 25. Rd6 Bxh3 26. Bxg6+ Kg8 27. Bh7+ Kxh7 28. Qxh6+ Kg8 29. Qg5+ 1-0

[Event "Voronezh op-B 11th"]
[Site "Voronezh"]
[Date "2007.06.18"]
[Round "6"]
[White "Mitkov, Alexander"]
[Black "Shefer, Alexander"]
[Result "1/2-1/2"]
[WhiteElo "2145"]
[BlackElo "2149"]
[PlyCount "29"]
[EventDate "2007.06.12"]
[EventType "swiss"]
[EventRounds "9"]
[EventCountry "RUS"]
[SourceTitle "EXT 2010"]
[Source "ChessBase"]
[SourceDate "2010.11.25"]
[SourceVersion "1"]
[SourceVersionDate "2010.11.25"]
[SourceQuality "1"]

1. e4 e6 2. d4 d5 3. Nc3 dxe4 4. Nxe4 Nd7 5. Nf3 Ngf6 6. Nxf6+ Nxf6 7. Ne5 Nd7 8. Nf3 c5 9. Be3 Qc7 10. c3 Be7 11. dxc5 Bxc5 12. Bxc5 Qxc5 13. Qd4 Qxd4 14. Nxd4 0-0 15. 0-0-0 1/2-1/2

[Event "Moscow-ch op sf"]
[Site "Moscow"]
[Date "2007.03.17"]
[Round "6"]
[White "Yudkevich, Mikhail"]
[Black "Shefer, Alexander"]
[Result "1-0"]
[WhiteElo "2070"]
[BlackElo "2149"]
[PlyCount "49"]
[EventDate "2007.03.05"]
[EventType "swiss"]
[EventRounds "9"]
[EventCountry "RUS"]
[SourceTitle "EXT 2022"]
[Source "ChessBase"]
[SourceDate "2021.10.06"]
[SourceVersion "1"]
[SourceVersionDate "2021.10.06"]
[SourceQuality "1"]

1. d4 d5 2. c4 c6 3. Nf3 Nf6 4. Nc3 a6 5. c5 Nbd7 6. Bf4 Nh5 7. Bd2 g6 8. e4 dxe4 9. Nxe4 Bg7 10. Bc4 0-0 11. 0-0 Nhf6 12. Nc3 Qc7 13. Re1 Re8 14. Bxf7+ Kxf7 15. Ng5+ Kg8 16. Ne6 Qb8 17. Bf4 Qa7 18. Nc7 Bf8 19. Qf3 Kg7 20. Ne4 b6 21. Ng5 e6 22. Nxe8+ Nxe8 23. Nxe6+ Kh8 24. Nxf8 Nxf8 25. Rxe8 1-0